|
|
|
|
| LEADER |
00000nab a2200000 a 4500 |
| 001 |
vtls000092190 |
| 003 |
SK-MaSNL |
| 005 |
20260305035344.0 |
| 008 |
250422c1981 xo 0 slo |
| 015 |
|
|
|a SNBRB19rr/mm-uuuuu
|
| 035 |
|
|
|a CL0102293
|
| 035 |
|
|
|a urn:nbn:sk:snk-ab6qre
|
| 035 |
|
|
|a (uuid)649a9123-48a8-4dcc-98dd-535354e9143f
|
| 035 |
|
|
|a (urnnbn)urn:nbn:sk:snk:ar-a0595x
|
| 035 |
|
|
|a (sysno)vtls000092190
|
| 040 |
|
|
|a SNKBUCL
|b slo
|c SNKBUCL
|e AACR2
|
| 041 |
0 |
|
|a slo
|
| 044 |
|
|
|a xo
|c SK
|
| 080 |
|
|
|a 338.2
|2 1981
|
| 080 |
|
|
|a 519.2
|2 1981
|
| 100 |
1 |
|
|a Tkáč, Miloslav,
|d 1945-
|4 aut
|9 16936
|
| 245 |
1 |
0 |
|a Riabuškin, T. V. i koll: Metodologičeskije problemmy analiza i prognoza kratkosročnych processov
|c Miloslav Tkáč
|
| 650 |
0 |
7 |
|a ekonomické procesy
|2 snkbucl
|9 179857
|
| 650 |
0 |
7 |
|a ekonomické prognózovanie
|2 snkbucl
|9 2143
|
| 655 |
|
7 |
|a články z novín a časopisov
|2 snkbucl
|9 267496
|
| 700 |
1 |
|
|a Riabuškin, T. V. i koll.
|4 aut
|9 1617867
|
| 773 |
0 |
|
|t Ekonomický časopis
|g Roč. 29, č. 2 (1981), s. 180-182
|
| 787 |
0 |
8 |
|i Rec.:
|a Riabuškin, T. V. i koll.
|t Metodologičeskije problemmy analiza i prognoza kratkosročnych processov
|d Moskva : Nauka, 1979
|
| 850 |
|
|
|a Slovenská národná knižnica
|
| 852 |
|
|
|a Slovenská národná knižnica
|
| 954 |
|
|
|a odborná, vedecká literatúra pôvodná (slovenská)
|2 lita
|
| 958 |
|
|
|a article27
|
| 958 |
|
|
|a RK
|
| 958 |
|
|
|a RU
|
| 958 |
|
|
|a OND
|
| 958 |
|
|
|a EUIPO
|
| 992 |
|
|
|a RBX
|
| 999 |
|
|
|c 3333484
|d 3335414
|